000 00359nam a2200145Ia 4500
008 230917s9999||||xx |||||||||||||| ||und||
040 _e147406
_aMAIN
041 _aEnglish
082 _a301.44 D849I
100 _aD' Souza, Victor S
245 0 _aInequality and its perpetuation
260 _aNew Delhi
_bManohar
_c1981
300 _a191p p.
942 _cBK
999 _c228206
_d228206